Geometric numerical integration : structure-preserving algorithms for ordinary differential equations /
Guardado en:
| Autor Principal: | |
|---|---|
| Otros Autores: | , |
| Formato: | Libro |
| Idioma: | English |
| Publicado: |
Heidelberg ; New York :
Springer,
c2010.
|
| Edición: | 2nd ed. |
| Series: | Springer series in computational mathematics,
31 |
| Materias: | |
| Etiquetas: |
Agregar Etiqueta
Sin Etiquetas, Sea el primero en etiquetar este registro!
|
| LEADER | 01072cam a22002774a 4500 | ||
|---|---|---|---|
| 001 | MAT.inmabb006493 | ||
| 008 | 100218s2010####gw#a#####b####001#0#eng## | ||
| 005 | 20130313203827.0 | ||
| 245 | 1 | 0 | |a Geometric numerical integration : |b structure-preserving algorithms for ordinary differential equations / |c Ernst Hairer, Christian Lubich, Gerhard Wanner. |
| 250 | |a 2nd ed. | ||
| 260 | |a Heidelberg ; |a New York : |b Springer, |c c2010. | ||
| 300 | |a xvii, 644 p. : |b il. ; |c 25 cm. | ||
| 490 | 0 | |a Springer series in computational mathematics, |x 0179-3632 ; |v 31 | |
| 504 | |a Incluye referencias bibliográficas (p. [617]-636) e índice. | ||
| 510 | 4 | |a MR, |c 2012g:65290 | |
| 020 | |a 9783642051579 | ||
| 100 | 1 | |a Hairer, E. |q (Ernst) | |
| 700 | 1 | |a Lubich, Christian, |d 1959- | |
| 700 | 1 | |a Wanner, Gerhard. | |
| 650 | 0 | |a Numerical integration. | |
| 650 | 0 | |a Hamiltonian systems. | |
| 650 | 0 | |a Differential equations |x Numerical solutions. | |
| 084 | |a 65-02 (37M15 65Lxx 65P10 70-08) |2 msc2000 | ||
| 010 | |a 2010922987 | ||
| 040 | |a DLC |c DLC |d DLC | ||
| 859 | |h 65 |i H153g |p A-8696 |b BIB. MATEMATICA | ||
